000 00570nam a2200217Ia 4500
003 OSt
005 20220928144915.0
006 a|||||r|||| 00| 0
007 ta
008 220927b |||||||| |||| 00| 0 eng d
024 _a76884
037 _cTextual
040 _aSDCL
_cSDCL
_beng
041 _2eng
_aeng
082 _aX61.596'N7, L3
100 _aDejong Frits J
_9353755
245 0 _aDevelopments of monetary theory in the Netherlands.
260 _c1973
942 _hX61.596'N7, L3
_cTEXL
_2CC
999 _c830401
_d830401